000 00647nam a2200217 a 4500
003 sisc
005 20160729110406.0
008 120911s19uu xx 00 eng d
020 _a9788126150441
050 _aG 550
_b.P884 2012
100 _aPrakash, Chaitanaya.
245 _aCruise ports management /
_cChaitanaya Prakash.
250 _a1st edition.
260 _aNew Delhi, India :
_bAnmol Publications,
_c2012.
300 _a256 pages ;
_c23 cm.
500 _aIncludes bibliographical references and index.
650 _aOcean travel
_xManagement.
650 _aCruise lines
_xManagement
942 _cBK
_2lcc
_kFOR
999 _c22123
_d22123